| 000 | 00559nam a22001697a 4500 | ||
|---|---|---|---|
| 999 |
_c4713 _d4713 |
||
| 008 | 161125b xxu||||| |||| 00| 0 eng d | ||
| 020 | _a978-0-07-727997-4 | ||
| 082 | _a371.19 CUS | ||
| 100 | _aCushner, Kenneth.- | ||
| 245 |
_aHuman Diversity in Education: _bAn Integrative Approach/ _cKenneth Cushner, Everil McClelland, Philip Safford.- _hEnglish. |
||
| 250 | _a6th Edition.- | ||
| 260 |
_aFlorida: _bMcGraw Hill, _c2006. |
||
| 300 |
_a471p.; _bIll.; _c26cm.- |
||
| 440 | _aFlorida Edition.- | ||
| 650 | _2Community - Schools Relations | ||
| 942 |
_2ddc _cBOOKS |
||